000 00368 a2200145 4500
001 72110
020 _a85763503944
040 _cAnchieta - Colégio São Paulo
240 1 0 _aLarousse escolar da língua portuguesa
_lpor
245 1 0 _aLarousse escolar da língua portuguesa
300 _a800
362 0 _a2004
650 4 _aObras enciclopédicas gerais
942 _cBK
999 _c72110
_d72110